Statistics for The Ultimate Hunger Games Quiz

Click here to take the quiz!

General Stats

  • This quiz has been taken 1,556 times
    (1,555 since last reset)
  • The average score is 8 of 15

Answer Stats

Hint Answer % Correct
Who is the main character?Katniss
99%
Third bookMockingjay
92%
First bookThe Hunger Games
89%
What book does Katniss first kiss Gale?Catching Fire
79%
Who does Katniss blame for Prim's death?Gale
71%
Who is the leader of District 13?Alma Coin
70%
Who killed Rue?Marvel
61%
Who shares adjoining cells with Peeta at the capitol?Johanna
55%
What almost killed Peeta in the 75th Hunger Games?Force Field
51%
What happens to Peeta in Mockingjay?Hijacked
34%
Who tells Katniss to go through with her plan of killing Snow right before he/she died?Boggs
34%
Who killed Wiress?Gloss
33%
Who is Gale's youngest sibling?Posy
30%
Who does Peeta accidentally kill while pods were going off in the streets of the Capitols?Mitchell
28%
How does Thresh die?Unknown
8%

Score Distribution

Percentile by Number Answered

Percent of People with Each Score

Your Score History

You have not taken this quiz since the last reset